书目信息 |
| 题名: |
金融理论中的货币
|
|
| 作者: | 格利 , Gurley , 肖 , Shaw 著 ;贝多广 译 | |
| 分册: | ||
| 出版信息: | 上海 上海人民出版社 2006 |
|
| 页数: | 317页 | |
| 开本: | 21cm | |
| 丛书名: | 当代经济学系列丛书 | |
| 单 册: | ||
| 中图分类: | F019.349 | |
| 科图分类: | ||
| 主题词: | 货币和银行经济学--研究 , 货币和银行经济学 | |
| 电子资源: | ||
| ISBN: | 7-208-06120-3 | |
| 000 | 01246oam2 2200313 450 | |
| 001 | 012007663140 | |
| 005 | 20070516172749.12 | |
| 010 | @a7-208-06120-3@dCNY22.00 | |
| 100 | @a20070508d2006 km y0chiy0120 ea | |
| 101 | 1 | @achi@ceng |
| 102 | @aCN@b310000 | |
| 105 | @ay z 000yy | |
| 106 | @ar | |
| 200 | 1 | @a金融理论中的货币@Ajin rong li lun zhong de huo bi@f(美)约翰·格利(Gurley,J.G.),爱德华.S·肖(Shaw,E.S.)著@F(mei)yue han·ge li(Gurley,J.G.),ai de hua.S·xiao(Shaw,E.S.)zhu@g贝多广译@Gbei duo guang yi |
| 210 | @a上海@c上海人民出版社@c上海三联书店@d2006 | |
| 215 | @a317页@d21cm | |
| 225 | 2 | @a当代经济学系列丛书@i当代经济学译库 |
| 330 | @a本书讨论了金融市场与金融机构在一个增长着的经济社会里的作用。内容包括初始的金融、货币和初级证券、金融增长和证券差别化、复杂金融结构中的货币、非货币的金融中介机构、货币控制的基本要素等。 | |
| 461 | 0 | @12001 @a当代经济学系列丛书 |
| 606 | 0 | @a货币和银行经济学@x研究 |
| 606 | 0 | @a货币和银行经济学 |
| 690 | @aF019.349@v4 | |
| 701 | 1 | @c(美)@a格利@Age li@b约翰@4著 |
| 701 | 1 | @c(美)@aGurley@bJ. G.@4著 |
| 701 | 1 | @c(美)@a肖@Axiao@b爱德华.S@4著 |
| 701 | 1 | @c(美)@aShaw@bE. S.@4著 |
| 702 | 0 | @a贝多广@Abei duo guang@4译 |
| 801 | 0 | @aCN@bRULIN@c20070516 |
| 905 | @dF019.349@e294@s5 | |
| 金融理论中的货币/(美)约翰·格利(Gurley,J.G.),爱德华.S·肖(Shaw,E.S.)著/贝多广译.-上海:上海人民出版社:上海三联书店,2006 |
| 317页;21cm.-(当代经济学系列丛书.当代经济学译库) |
| ISBN 7-208-06120-3:CNY22.00 |
| 本书讨论了金融市场与金融机构在一个增长着的经济社会里的作用。内容包括初始的金融、货币和初级证券、金融增长和证券差别化、复杂金融结构中的货币、非货币的金融中介机构、货币控制的基本要素等。 |
| ● |
| 相关链接 |
|
|
|
|
正题名:金融理论中的货币
索取号:F019.349/294
 
预约/预借
| 序号 | 登录号 | 条形码 | 馆藏地/架位号 | 状态 | 备注 |
| 1 | 0572218 | 205722182 | 第一样本阅览室/ [索取号:F019.349/294] | 在馆 | |
| 2 | 0572219 | 205722191 | 第一借阅区/ [索取号:F019.349/294] | 在馆 | |
| 3 | 0572220 | 205722208 | 第一借阅区/ [索取号:F019.349/294] | 在馆 | |
| 4 | 0572221 | 205722217 | 第一借阅区/ [索取号:F019.349/294] | 在馆 | |
| 5 | 0572222 | 205722226 | 第一借阅区/ [索取号:F019.349/294] | 在馆 |